000 00501nam a22001937a 4500
005 20260515114858.0
008 201222b ||||| |||| 00| 0 eng d
020 _a8173393990
040 _aIN-DiNC
_cIN-DiNC
041 _dasm
082 _a341
_bCHA
100 _aChakravarty, Dilip Kumar
_eauthor
245 _aAntajartik aain /
_cby Dilip Kumar Chakravarty
250 _a2nd ed.
260 _aDibrugarh:
_bBanalata,
_c2009
300 _a425p.
650 _aInternational law
942 _2ddc
_cBK
999 _c11113
_d11113